RF and Microwave Circuit and Component Design for Wireless Systems /
Introducción a la tecnología para el diseño de circuitos y componentes de radio frecuencia y de microondas para ser utilizada en sistemas inalámbricos de comunicación personal y de datos. En los primeros capítulos del libro se abordan los temas básicos de la comunicación inalámbrica, tecnologías de...
Guardat en:
| Autor principal: | |
|---|---|
| Altres autors: | , |
| Format: | Llibre |
| Idioma: | anglès |
| Publicat: |
Nueva York, EUA :
Wiley,
2002, c2002
|
| Col·lecció: | (Wiley Series in Microwave and Optical Engineering)
|
| Matèries: | |
| Etiquetes: |
Sense etiquetes, Sigues el primer a etiquetar aquest registre!
|
MARC
| LEADER | 00000nam^a2200000^a^4500 | ||
|---|---|---|---|
| 001 | 000152777 | ||
| 005 | 20250521000000.0 | ||
| 009 | 20260310100255.536 | ||
| 020 | |a 0-471-19773-4 | ||
| 037 | |a Acervo ITESO - Biblioteca | ||
| 041 | |a ING | ||
| 082 | |a 621. 38413 |b CHA | ||
| 100 | |a Chang, Kai |e (autor) | ||
| 245 | 1 | 0 | |a RF and Microwave Circuit and Component Design for Wireless Systems / |c K. Chang, I.J. Bahl, V. Nair. |
| 264 | 4 | |a Nueva York, EUA : |b Wiley, |c 2002, c2002 | |
| 300 | |a XVIII, 532 p. | ||
| 336 | |a texto |b txt |2 rdacontenido | ||
| 337 | |a sin mediación |b n |2 rdamedio | ||
| 338 | |a volumen |b nc |2 rdasoporte | ||
| 440 | 1 | |a (Wiley Series in Microwave and Optical Engineering) | |
| 520 | |a Introducción a la tecnología para el diseño de circuitos y componentes de radio frecuencia y de microondas para ser utilizada en sistemas inalámbricos de comunicación personal y de datos. En los primeros capítulos del libro se abordan los temas básicos de la comunicación inalámbrica, tecnologías de dispositivos y de circuitos, así como los parámetros de los sistemas receptores y transmisores. Más adelante, se aborda el diseño de circuitos y componentes, cubriendo, ente otros temas, las líneas de transmisión de señales y las técnicas de empate; filtros y acopladores; interruptores, amplificadores de baja frecuencia; mezcladores y convertidores de frecuencia; osciladores, amplificadores de poder y antenas. | ||
| 649 | |a XX | ||
| 650 | |a Telefonía Celular | ||
| 650 | |a Teléfono Inalámbrico | ||
| 650 | |a Computación Móvil | ||
| 650 | |a Satélites Artificiales | ||
| 650 | |a Amplificadores (Electrónica) | ||
| 650 | |a Osciladores Eléctricos | ||
| 650 | |a Circuitos de Radio - |x Diseño y Construcción | ||
| 650 | |a Circuitos de Radio | ||
| 650 | |a Antenas (Electrónica) | ||
| 650 | |a Circuitos de Microondas | ||
| 650 | |a Líneas de Transmisión | ||
| 650 | |a Sistemas de Telecomunicación | ||
| 650 | |a Señales y Transmisión de Señales | ||
| 650 | |a Comunicación Inalámbrica | ||
| 650 | |a Comunicación en Red | ||
| 650 | |a Radio | ||
| 650 | |a Telecomunicaciones | ||
| 650 | |a Ingeniería Electrónica | ||
| 700 | |a Bahl, Inder Jit |e (autor) | ||
| 700 | |a Nair, Vijay |e (autor) | ||
| 910 | |a Fondo General | ||
| 920 | |a Impresos - Libros | ||
| 930 | |a Colección General | ||
| 905 | |a 101 | ||
| 901 | |a 0500081722 |b IT1 |c ACC |u 20250521 | ||
| 902 | |a https://opac.biblio.iteso.mx/vufind/Record/000152777 | ||